000 00386nam a2200145 u 4500
001 000036167
005 20200930074927.0
008 120110s1970 xxu r 000 0 eng d
040 _aDO-SdBNP
_bspa
_cBNPHU
100 1 _aReed, Evelyn
_958898
245 1 0 _aProblemas of womens liberation.
260 _aNew York :
_bPathfinder Press,
_c1970.
300 _a96 p. ;
_c22 cm.
049 _aBNPD
999 _c35658
_d35658